| 000 -LEADER |
| fixed length control field |
02906cam a22004937a 4500 |
| 001 - CONTROL NUMBER |
| control field |
14944068 |
| 005 - DATE AND TIME OF LATEST TRANSACTION |
| control field |
20170105102353.0 |
| 008 - FIXED-LENGTH DATA ELEMENTS--GENERAL INFORMATION |
| fixed length control field |
070727s2008 nyua b 001 0 eng d |
| 010 ## - LIBRARY OF CONGRESS CONTROL NUMBER |
| LC control number |
2007933940 |
| 015 ## - NATIONAL BIBLIOGRAPHY NUMBER |
| National bibliography number |
GBA6A5860 |
| Source |
bnb |
| 015 ## - NATIONAL BIBLIOGRAPHY NUMBER |
| National bibliography number |
06,N51,0028 |
| Source |
dnb |
| 016 ## - NATIONAL BIBLIOGRAPHIC AGENCY CONTROL NUMBER |
| Record control number |
20080030378 |
| 016 7# - NATIONAL BIBLIOGRAPHIC AGENCY CONTROL NUMBER |
| Record control number |
013629201 |
| Source |
Uk |
| 016 7# - NATIONAL BIBLIOGRAPHIC AGENCY CONTROL NUMBER |
| Record control number |
982033001 |
| Source |
DE-101 |
| 020 ## - INTERNATIONAL STANDARD BOOK NUMBER |
| International Standard Book Number |
0387688382 (hdbk. : acidfree paper) |
| 020 ## - INTERNATIONAL STANDARD BOOK NUMBER |
| International Standard Book Number |
9780387688381 (hdbk. : acidfree paper) |
| 020 ## - INTERNATIONAL STANDARD BOOK NUMBER |
| International Standard Book Number |
0387688390 (eISBN) |
| 020 ## - INTERNATIONAL STANDARD BOOK NUMBER |
| International Standard Book Number |
9780387688398 (eISBN) |
| 035 ## - SYSTEM CONTROL NUMBER |
| System control number |
(OCoLC)ocn191821325 |
| 040 ## - CATALOGING SOURCE |
| Original cataloging agency |
FQG |
| Transcribing agency |
FQG |
| Modifying agency |
NLC |
| -- |
BAKER |
| -- |
UKM |
| -- |
OHX |
| -- |
BTCTA |
| -- |
YDXCP |
| -- |
IXA |
| -- |
VRC |
| -- |
W2U |
| -- |
DEBSZ |
| -- |
DLC |
| 042 ## - AUTHENTICATION CODE |
| Authentication code |
lccopycat |
| 050 00 - LIBRARY OF CONGRESS CALL NUMBER |
| Classification number |
TK5103.2 |
| Item number |
.W57350 2008 |
| 082 04 - DEWEY DECIMAL CLASSIFICATION NUMBER |
| Classification number |
621.38215 |
| Edition number |
22 |
| 245 00 - TITLE STATEMENT |
| Title |
Wireless mesh networks : architectures and protocols |
| Remainder of title |
architectures and protocols |
| Statement of responsibility, etc. |
Ekram Hossain, Kin Leung |
| 260 ## - PUBLICATION, DISTRIBUTION, ETC. |
| Place of publication, distribution, etc. |
New York : |
| Name of publisher, distributor, etc. |
Springer, |
| Date of publication, distribution, etc. |
2008. |
| 300 ## - PHYSICAL DESCRIPTION |
| Extent |
xxiv, 333 p. : |
| Other physical details |
ill. ; |
| Dimensions |
24 cm. |
| 504 ## - BIBLIOGRAPHY, ETC. NOTE |
| Bibliography, etc. note |
Includes bibliographical references and index. |
| 505 0# - FORMATTED CONTENTS NOTE |
| Formatted contents note |
Challenges and issues in designing architecture and protocols for wireless mesh networks -- Architecture and deployment strategies for wireless mesh networks -- End-to-end design principles for broadband cellular mesh networks -- Medium access control and routing protocols for wireless mesh networks -- Channel assignment strategies for wireless mesh networks -- Optimal resource allocation for wireless mesh networks -- Resource allocation and cost in hybrid solar/wind powered WLAN mesh nodes -- Scheduling, routing, and related cross-layer management through link activation procedures in wireless mesh networks --Quality-aware routing metrics in wireless mesh networks -- Cross-layer solutions for traffic forwarding in mesh networks -- Multiple antenna techniques for wireless mesh networks -- Security issues in wireless mesh networks. |
| 650 #0 - SUBJECT ADDED ENTRY--TOPICAL TERM |
| Topical term or geographic name entry element |
Wireless communication systems. |
| 650 #0 - SUBJECT ADDED ENTRY--TOPICAL TERM |
| Topical term or geographic name entry element |
Wireless communication systems |
| General subdivision |
Design and construction. |
| 650 #0 - SUBJECT ADDED ENTRY--TOPICAL TERM |
| Topical term or geographic name entry element |
Wireless communication systems |
| General subdivision |
Security measures. |
| 650 #0 - SUBJECT ADDED ENTRY--TOPICAL TERM |
| Topical term or geographic name entry element |
Routers (Computer networks) |
| 700 1# - ADDED ENTRY--PERSONAL NAME |
| Personal name |
Hossain, Ekram, |
| Dates associated with a name |
1971- |
| 700 1# - ADDED ENTRY--PERSONAL NAME |
| Personal name |
Leung, Kin K. |
| Fuller form of name |
(Kin Kwong), |
| Dates associated with a name |
1958- |
| 856 4# - ELECTRONIC LOCATION AND ACCESS |
| Electronic format type |
text/html |
| Uniform Resource Identifier |
<a href="http://deposit.d-nb.de/cgi-bin/dokserv?id=2877371&prov=M&dok%5Fvar=1&dok%5Fext=htm">http://deposit.d-nb.de/cgi-bin/dokserv?id=2877371&prov=M&dok%5Fvar=1&dok%5Fext=htm</a> |
| Materials specified |
Inhaltstext |
| 856 4# - ELECTRONIC LOCATION AND ACCESS |
| Contact for access assistance |
DE-576;springer |
| Electronic format type |
image/jpeg |
| Uniform Resource Identifier |
<a href="http://swbplus.bsz-bw.de/bsz260080942cov.htm">http://swbplus.bsz-bw.de/bsz260080942cov.htm</a> |
| Hours access method available |
20090119125832 |
| Materials specified |
Cover |
| 856 4# - ELECTRONIC LOCATION AND ACCESS |
| Electronic format type |
text/html |
| Uniform Resource Identifier |
<a href="http://swbplus.bsz-bw.de/bsz260080942inh.htm">http://swbplus.bsz-bw.de/bsz260080942inh.htm</a> |
| Materials specified |
Inhaltsverzeichnis |
| 856 4# - ELECTRONIC LOCATION AND ACCESS |
| Electronic format type |
text/html |
| Uniform Resource Identifier |
<a href="http://swbplus.bsz-bw.de/bsz260080942kap.htm">http://swbplus.bsz-bw.de/bsz260080942kap.htm</a> |
| Materials specified |
Kapitel 2 |
| 856 4# - ELECTRONIC LOCATION AND ACCESS |
| Electronic format type |
text/html |
| Uniform Resource Identifier |
<a href="http://swbplus.bsz-bw.de/bsz260080942vor.htm">http://swbplus.bsz-bw.de/bsz260080942vor.htm</a> |
| Materials specified |
Vorwort 1 |
| 906 ## - LOCAL DATA ELEMENT F, LDF (RLIN) |
| a |
7 |
| b |
cbc |
| c |
copycat |
| d |
2 |
| e |
ncip |
| f |
20 |
| g |
y-gencatlg |
| 942 ## - ADDED ENTRY ELEMENTS (KOHA) |
| Source of classification or shelving scheme |
|
| Koha item type |
Book |